| 000 | 01149naa a22003017a 4500 | ||
|---|---|---|---|
| 001 | BR8205655 | ||
| 003 | BR-BrBNA | ||
| 005 | 20240918175202.0 | ||
| 007 | ta | ||
| 008 | 230509b bl.||||| |||| 00| 0 por d | ||
| 040 |
_aBR-BrBNA _bpor _cBiblioteca Nacional de Agricultura |
||
| 041 | _a(Pt) | ||
| 072 |
_aF50 _b0120 _bG514 |
||
| 090 | _aF50 BR8205655 | ||
| 100 | 1 | _aPaterniani, E. | |
| 245 | 1 | _aO tamanho do pendao e suas relacoes com o indice altura da espiga/altura da planta e com a produtividade no ensaio nacional de milho normal [morfologia vegetal, Brasil] | |
| 260 | 3 |
_aPiracicaba, SP (Brasil): _c1982. |
|
| 500 | _aRelatorio cientifico da Escola Superior de Agricultura Luiz de Queiroz. 1981 Piracicaba, SP (Brasil): 1982. p. 135-151 (BR8205655-AM)F50 | ||
| 650 | _aMILHO | ||
| 650 | _aPENDAO | ||
| 650 | _aESPIGA | ||
| 650 | _aMORFOLOGIA VEGETAL | ||
| 650 | _aESTATURA DE PLANTA | ||
| 650 | _aRENDIMENTO | ||
| 773 | 0 |
_tRelatorio cientifico da Escola Superior de Agricultura Luiz de Queiroz. 1981 _wF50 BR8205655 _gPiracicaba, SP (Brasil), 1982. p. 135-151 |
|
| 909 |
_a202404 _bLucia _c55 _dLucia Elande |
||
| 942 |
_cAM _2AGRIS |
||
| 999 |
_c315456 _d315456 |
||